000 00909cam a2200301 a 4500
003 data
005 20260322212043.0
008 data
010 _a87004805 //r92
020 _a0394552016
020 _a9780394552019
040 _aDLC
_cDLC
_dURB
043 _an-us---
050 0 0 _aE840.8.O54
_bA3 1987
082 0 0 _aB
_aB
_219
100 1 _aO'Neill, Tip.
245 1 0 _aMan of the House :
_bthe life and political memoirs of Speaker Tip O'Neill /
_cTip O'Neill & William Novak.
250 _a1st ed.
260 _aNew York :
_bRandom House,
_cc1987.
300 _aviii, 387 p., [16] p. of plates :
_bill., ports. ;
_c24 cm.
500 _aIncludes index.
600 1 0 _aO'Neill, Tip.
610 1 0 _aUnited States.
_bHouse
_bHouse
_vBiography.
650 0 _aLegislators
_zUnited States
_vBiography.
651 0 _aUnited States
_xPolitics and government
_y1945-1989.
700 1 _aNovak, William.
001 data
999 _c1005
_d1005